| 000 | 00000nam##2200000za#4500 |
| 001 | 9.616257 |
| 003 | CaOODSP |
| 005 | 20240527135428 |
| 007 | ta |
| 008 | 150406|2003||||xxc||||| f|0| 0 eng|d |
| 020 | |a0-662-33628-3 |
| 022 | |a0069-0023 |
| 040 | |aCaOODSP|beng |
| 043 | |an-cn--- |
| 086 | 1 |aCW69-9/219E |
| 110 | 2 |aCanadian Wildlife Service. |
| 245 | 14|aThe Canadian breeding bird survey, 1967-2000 / |cby C. M. Downes and B. T. Collins. |
| 260 | |aOttawa - Ontario : |bEnvironment Canada. |c2003. |
| 300 | |a40p. : |bmap, references, tables ; |c28 cm. |
| 490 | 1 |aProgress notes|x0069-0023|vNo. 219, March, 2003 |
| 563 | |aProcessed |
| 590 | |a03-16|b2003-04-17 |
| 720 | 1 |aCollins, B. T. |
| 720 | 1 |aDownes, C. M. |
| 775 | 08|tLa relevé des oiseaux nicheurs du Canada, de 1967 à 2000 |w(CaOODSP)9.626118 |
| 776 | 0#|tThe Canadian Breeding Bird Survey, 1967-2000 / |w(CaOODSP)9.576696 |
| 830 | #0|aProgress notes (Canadian Wildlife Service)|x0069-0023|vNo. 219, March, 2003|w(CaOODSP)9.514494 |